000 00787nam0a22002651 4500
001 RU\NLR\A1SV\111231
005 20251203171251.9
035 _a(NLR Aleph) 009792584
090 _a10142879
_c10142879
100 _a20060907d1923 u y0rusy50 ca
101 0 _arus
102 _aRU
200 1 _aПятилетний юбилей 18-го Курского стр. полка Орловской стр. дивизии
_e1918-1923
210 _aКурск
_cПартбюро 18 полка
_d1923
215 _a30 с.
_d31 см
300 _aБез тит. л.
620 _dКурск
710 0 2 _aКурский стрелковый полк
_c18
801 0 _aRU
_bNLR
_c20060907
899 _aРГБ
899 _aРГБ
942 _cBOOK
980 _aNB
980 _aA1SV